[Event "Michigan op-ch"]
[Site "Lansing"]
[Date "2009.09.06"]
[Round "5"]
[White "Sanetullaev, Alisher"]
[Black "Fick, Douglas"]
[Result "1-0"]
[WhiteElo "2106"]
[BlackElo "1838"]
[PlyCount "53"]
[EventDate "2009.09.04"]
[EventType "swiss"]
[EventRounds "7"]
[EventCountry "USA"]
[SourceTitle "EXT 2015"]
[Source "ChessBase"]
[SourceDate "2014.11.20"]
[SourceVersion "1"]
[SourceVersionDate "2014.11.20"]
[SourceQuality "1"]

1. e4 c5 2. Nf3 d6 3. d4 cxd4 4. Nxd4 Nf6 5. Nc3 g6 6. Be3 Bg7 7. f3 0-0 8. Qd2 Bd7 9. Bc4 Nc6 10. 0-0-0 Rc8 11. Bb3 Ne5 12. Kb1 Nc4 13. Bxc4 Rxc4 14. g4 Re8 15. h4 Qa5 16. Nb3 Qa6 17. e5 Nxg4 18. fxg4 Bxe5 19. h5 Be6 20. hxg6 hxg6 21. Bd4 Rxd4 22. Nxd4 Rc8 23. Nxe6 fxe6 24. Rdf1 Qb6 25. Qh6 Bf6 26. Qxg6+ Kf8 27. Rh8# 1-0

[Event "Lansing op"]
[Site "Lansing"]
[Date "2004.09.06"]
[Round "7"]
[White "Fick, Douglas"]
[Black "Le Master, Terry"]
[Result "1-0"]
[WhiteElo "1663"]
[BlackElo "1742"]
[PlyCount "83"]
[EventDate "2004.09.03"]
[EventType "swiss"]
[EventRounds "7"]
[EventCountry "USA"]
[SourceTitle "EXT 2007"]
[Source "ChessBase"]
[SourceDate "2006.11.23"]
[SourceVersion "1"]
[SourceVersionDate "2006.11.23"]
[SourceQuality "1"]

1. e4 c5 2. Nf3 d6 3. d4 cxd4 4. Nxd4 Nf6 5. Nc3 a6 6. Be3 b5 7. f4 Bb7 8. e5 dxe5 9. fxe5 Nd5 10. Nxd5 Qxd5 11. Nf3 e6 12. Be2 Nd7 13. Qxd5 Bxd5 14. 0-0 Rc8 15. c3 Bc5 16. Bxc5 Nxc5 17. Ng5 0-0 18. Rfd1 h6 19. Nh3 Rfd8 20. Nf2 Rd7 21. Nd3 Nxd3 22. Rxd3 Rcd8 23. Rad1 Kf8 24. Kf2 Ke7 25. b3 Be4 26. Rxd7+ Rxd7 27. Rxd7+ Kxd7 28. a3 Kc6 29. g3 Kd5 30. c4+ bxc4 31. Bxc4+ Kxe5 32. Bxa6 Bc2 33. Bc4 Kd4 34. a4 Be4 35. a5 Kc5 36. a6 Bc6 37. Ke3 Kb4 38. Kd4 Ba8 39. Bd3 Ka5 40. Kc5 Bd5 41. Bb5 Bc6 42. b4# 1-0

[Event "Lansing op"]
[Site "Lansing"]
[Date "2004.09.04"]
[Round "2"]
[White "Griffin, John P"]
[Black "Fick, Douglas"]
[Result "0-1"]
[WhiteElo "1500"]
[BlackElo "1663"]
[PlyCount "52"]
[EventDate "2004.09.03"]
[EventType "swiss"]
[EventRounds "7"]
[EventCountry "USA"]
[SourceTitle "EXT 2007"]
[Source "ChessBase"]
[SourceDate "2006.11.23"]
[SourceVersion "1"]
[SourceVersionDate "2006.11.23"]
[SourceQuality "1"]

1. d4 Nf6 2. c4 g6 3. Nc3 Bg7 4. e4 d6 5. Nf3 0-0 6. Be2 Nbd7 7. 0-0 e5 8. d5 Nc5 9. Qc2 a5 10. Bg5 h6 11. Be3 Nfd7 12. Ne1 f5 13. f3 f4 14. Bxc5 Nxc5 15. Nd3 Nxd3 16. Bxd3 Bf6 17. Rfd1 Kh7 18. a3 g5 19. Kf2 g4 20. Rg1 gxf3 21. Kxf3 Bh4 22. Raf1 Bg4+ 23. Kxg4 Qg5+ 24. Kh3 Bg3 25. Rxf4 Rxf4 26. hxg3 Qh5# 0-1

[Event "Kalamazoo op1"]
[Site "Kalamazoo"]
[Date "2003.08.30"]
[Round "2.1"]
[White "Moore, Robert"]
[Black "Fick, Douglas"]
[Result "1/2-1/2"]
[WhiteElo "1600"]
[BlackElo "1713"]
[PlyCount "101"]
[EventDate "2003.08.29"]
[EventType "swiss"]
[EventRounds "7"]
[EventCountry "USA"]
[SourceTitle "EXT 2007"]
[Source "ChessBase"]
[SourceDate "2006.11.23"]
[SourceVersion "1"]
[SourceVersionDate "2006.11.23"]
[SourceQuality "1"]

1. e4 c5 2. Nf3 d6 3. d4 cxd4 4. Nxd4 Nf6 5. Nc3 g6 6. Be2 Bg7 7. 0-0 Nc6 8. Nb3 0-0 9. Be3 Be6 10. Qd2 Re8 11. Rad1 a6 12. Qc1 b5 13. f3 Rc8 14. Nc5 Bd7 15. Nxa6 Qa5 16. Bxb5 Ra8 17. a3 Rxa6 18. Bxa6 Qxa6 19. b4 Ne5 20. Nb1 Nc4 21. Bf2 Ra8 22. Rd3 Bb5 23. Nc3 Nxa3 24. Nxb5 Nxb5 25. c4 Nc7 26. b5 Qb7 27. Rfd1 Nd7 28. Rb3 Ne6 29. Rb1 Nec5 30. Qg5 Bf6 31. Qf4 Be5 32. Qe3 Bg7 33. Bh4 Nb6 34. Qe2 Nba4 35. Be1 Qb6 36. Kf1 Nc3 37. Bxc3 Bxc3 38. Qe3 Bg7 39. Qg5 Bf6 40. Qd5 Rc8 41. Rdc1 Na4 42. Qd3 Bd4 43. Rc2 Be5 44. g3 Qc5 45. f4 Bg7 46. Ke2 Nb6 47. Rbc1 Qh5+ 48. Ke3 Qc5+ 49. Ke2 Qh5+ 50. Ke3 Qc5+ 51. Ke2 1/2-1/2

[Event "Kalamazoo op1"]
[Site "Kalamazoo"]
[Date "2003.08.29"]
[Round "1.1"]
[White "Fick, Douglas"]
[Black "Gore, Ron"]
[Result "1-0"]
[WhiteElo "1713"]
[BlackElo "1565"]
[PlyCount "81"]
[EventDate "2003.08.29"]
[EventType "swiss"]
[EventRounds "7"]
[EventCountry "USA"]
[SourceTitle "EXT 2007"]
[Source "ChessBase"]
[SourceDate "2006.11.23"]
[SourceVersion "1"]
[SourceVersionDate "2006.11.23"]
[SourceQuality "1"]

1. e4 e6 2. d4 d5 3. Nd2 c5 4. exd5 Qxd5 5. Nb3 cxd4 6. Qxd4 Qxd4 7. Nxd4 Bc5 8. Nb5 Na6 9. Bf4 Ne7 10. Nd6+ Bxd6 11. Bxd6 b6 12. Bb5+ Kf8 13. Nf3 Bb7 14. Ne5 f6 15. Bxa6 Bxa6 16. Nc6 Re8 17. Bxe7+ Rxe7 18. Nxe7 Kxe7 19. 0-0-0 Bb7 20. Rd2 Rd8 21. Rxd8 Kxd8 22. Rd1+ Ke7 23. Kd2 Bxg2 24. Rg1 Bd5 25. Rxg7+ Kd6 26. Rxa7 Be4 27. Rf7 Ke5 28. c3 h5 29. Rf8 b5 30. Rb8 Bc6 31. Rh8 Kf4 32. Rxh5 Kf3 33. Rh6 Kxf2 34. Rxf6+ Kg2 35. Rxe6 Bd7 36. Rd6 Be8 37. h4 Kg3 38. Rd4 Bh5 39. Rd5 Kxh4 40. Rxh5+ Kxh5 41. Kd3 1-0

[Event "Warren Bottom-Half U1700 op"]
[Site "Warren"]
[Date "2003.06.22"]
[Round "4"]
[White "Steen, Harold"]
[Black "Fick, Douglas"]
[Result "1/2-1/2"]
[WhiteElo "1605"]
[BlackElo "1657"]
[PlyCount "160"]
[EventDate "2003.06.21"]
[EventType "swiss"]
[EventRounds "5"]
[EventCountry "USA"]
[SourceTitle "EXT 2008"]
[Source "ChessBase"]
[SourceDate "2007.11.25"]
[SourceVersion "1"]
[SourceVersionDate "2007.11.25"]
[SourceQuality "1"]

1. d4 Nf6 2. Nf3 g6 3. e3 Bg7 4. Bd3 d6 5. Nbd2 0-0 6. c3 Nbd7 7. 0-0 c5 8. Qe2 a6 9. e4 cxd4 10. cxd4 e5 11. d5 Nc5 12. Bc2 Nh5 13. b4 Nxe4 14. Nxe4 f5 15. Rb1 fxe4 16. Bxe4 Nf6 17. Ng5 Nxe4 18. Nxe4 h6 19. a3 Bf5 20. f3 Rc8 21. Be3 Bxe4 22. fxe4 h5 23. Qd2 Qd7 24. h3 Qa4 25. Qd3 Bf6 26. Bh6 Rf7 27. Qg3 Kh7 28. Qe3 Qd7 29. Rf3 Bg7 30. Rxf7 Qxf7 31. Rf1 Qc7 32. Bxg7 Qxg7 33. Qf3 Rc7 34. Qf8 Qxf8 35. Rxf8 Rc3 36. Rf7+ Kh6 37. Rxb7 Rxa3 38. Rb6 Rb3 39. Rxa6 Rxb4 40. Rxd6 Rxe4 41. Re6 Rd4 42. Rxe5 Kg7 43. Kf2 Kf6 44. Re6+ Kf7 45. Rd6 Ke7 46. Ke3 Rd1 47. Rxg6 Rxd5 48. Ke4 Ra5 49. Kf4 Kf7 50. Rg5 Ra4+ 51. Kg3 h4+ 52. Kh2 Ra8 53. Rg4 Rh8 54. Kg1 Kf6 55. Kf2 Kf5 56. Kf3 Rh7 57. Rg8 Rh6 58. Ra8 Rb6 59. Ra5+ Kg6 60. Ra4 Kg5 61. Rg4+ Kh5 62. Kf4 Rb4+ 63. Kf5 Rb5+ 64. Kf6 Rb6+ 65. Ke5 Rb5+ 66. Kf4 Rb4+ 67. Kf3 Rb3+ 68. Kf2 Rb2+ 69. Kg1 Rb1+ 70. Kh2 Ra1 71. Rb4 Kg5 72. Rb2 Ra3 73. Rb1 Kf4 74. Rf1+ Kg5 75. Rg1 Rg3 76. Rf1 Ra3 77. Rf3 Ra2 78. Rb3 Kh5 79. Rb1 Ra3 80. Rg1 Rg3 1/2-1/2

[Event "Warren Bottom-Half U1700 op"]
[Site "Warren"]
[Date "2003.06.21"]
[Round "2"]
[White "Cottrell, Kelly"]
[Black "Fick, Douglas"]
[Result "1/2-1/2"]
[WhiteElo "1505"]
[BlackElo "1657"]
[PlyCount "80"]
[EventDate "2003.06.21"]
[EventType "swiss"]
[EventRounds "5"]
[EventCountry "USA"]
[SourceTitle "EXT 2008"]
[Source "ChessBase"]
[SourceDate "2007.11.25"]
[SourceVersion "1"]
[SourceVersionDate "2007.11.25"]
[SourceQuality "1"]

1. d4 Nf6 2. c4 g6 3. Nf3 Bg7 4. Nc3 d6 5. Bf4 0-0 6. e3 c5 7. Be2 cxd4 8. exd4 a6 9. 0-0 d5 10. cxd5 Nxd5 11. Be5 Nc6 12. Bxg7 Kxg7 13. a3 b5 14. Re1 Bb7 15. Rc1 Rc8 16. Bd3 e6 17. Nxd5 Qxd5 18. Be4 Qd7 19. Bxc6 Bxc6 20. Ne5 Qd5 21. Nxc6 Rxc6 22. Rxc6 Qxc6 23. Qe2 Qd5 24. Qe5+ Qxe5 25. dxe5 Rc8 26. g3 Rc2 27. b4 Ra2 28. Re3 Kf8 29. g4 h6 30. Kg2 Rd2 31. Rc3 Re2 32. Rc6 Rxe5 33. Rxa6 Re2 34. Rc6 Ra2 35. Rc3 Ke7 36. Kg3 Kd6 37. h4 f5 38. gxf5 exf5 39. Kf3 Ra1 40. Kg2 Ra2 1/2-1/2

[Event "Auburn Hills op"]
[Site "Auburn Hills"]
[Date "2003.04.26"]
[Round "2"]
[White "Nelson, Peter"]
[Black "Fick, Douglas"]
[Result "1/2-1/2"]
[WhiteElo "1650"]
[BlackElo "1649"]
[PlyCount "51"]
[EventDate "2003.04.26"]
[EventType "swiss"]
[EventRounds "5"]
[EventCountry "USA"]
[SourceTitle "EXT 2007"]
[Source "ChessBase"]
[SourceDate "2006.11.23"]
[SourceVersion "1"]
[SourceVersionDate "2006.11.23"]
[SourceQuality "1"]

1. d4 d5 2. c4 e6 3. Nc3 Nf6 4. Bg5 Be7 5. e3 0-0 6. Nf3 Nbd7 7. Qc2 h6 8. Bxf6 Nxf6 9. Bd3 dxc4 10. Bxc4 b6 11. 0-0-0 Bb7 12. Rhg1 Nd5 13. Ne5 Bf6 14. g3 Qe7 15. h4 c5 16. Ng4 cxd4 17. Nxf6+ Qxf6 18. Rxd4 Rac8 19. Bxd5 Bxd5 20. Kb1 Rfd8 21. Nxd5 exd5 22. Qd2 Qc6 23. a3 Qg6+ 24. Qd3 Qf6 25. Qd2 Qg6+ 26. Qd3 1/2-1/2

[Event "Motor City op"]
[Site "Warren"]
[Date "2002.11.30"]
[Round "5"]
[White "Fick, Douglas"]
[Black "Salami, Samer"]
[Result "0-1"]
[WhiteElo "1289"]
[BlackElo "1469"]
[PlyCount "47"]
[EventDate "2002.11.29"]
[EventType "swiss"]
[EventRounds "7"]
[EventCountry "USA"]
[SourceTitle "EXT 2009"]
[Source "ChessBase"]
[SourceDate "2008.11.26"]
[SourceVersion "1"]
[SourceVersionDate "2008.11.26"]
[SourceQuality "1"]

1. e4 e5 2. Nf3 Nc6 3. Bc4 Bc5 4. 0-0 Nf6 5. d4 Nxd4 6. Nxe5 0-0 7. Be3 Ne6 8. Bxe6 Bxe3 9. Bxf7+ Kh8 10. fxe3 d6 11. Nc3 c6 12. Nxc6 bxc6 13. Bc4 Qb6 14. Qd2 Bb7 15. Bb3 Ba6 16. Rf3 Ng4 17. Re1 Qc5 18. h3 Rxf3 19. gxf3 Ne5 20. Qg2 Rf8 21. Kh1 Nxf3 22. Qf2 Qh5 23. Be6 Qe8 24. Bg4 0-1

[Event "Motor City op"]
[Site "Warren"]
[Date "2002.11.30"]
[Round "4"]
[White "Raban, David"]
[Black "Fick, Douglas"]
[Result "1-0"]
[WhiteElo "1668"]
[BlackElo "1289"]
[PlyCount "64"]
[EventDate "2002.11.29"]
[EventType "swiss"]
[EventRounds "7"]
[EventCountry "USA"]
[SourceTitle "EXT 2009"]
[Source "ChessBase"]
[SourceDate "2008.11.26"]
[SourceVersion "1"]
[SourceVersionDate "2008.11.26"]
[SourceQuality "1"]

1. d4 Nf6 2. c4 g6 3. Nc3 Bg7 4. e4 d6 5. Nf3 0-0 6. Be2 c5 7. 0-0 Nbd7 8. Be3 Ng4 9. Bg5 h6 10. Bf4 cxd4 11. Nxd4 Nxf2 12. Rxf2 e5 13. Be3 exd4 14. Bxd4 Bxd4 15. Qxd4 Nb6 16. Rd1 Be6 17. Nb5 Qg5 18. Nxd6 Rad8 19. c5 Nc8 20. Bc4 Bxc4 21. Qxc4 b6 22. Rxf7 Nxd6 23. Rxf8+ Kxf8 24. Rf1+ Ke7 25. cxd6+ Rxd6 26. Qf7+ Kd8 27. Qg8+ Kc7 28. Qa8 Qc5+ 29. Kh1 Qf2 30. Qxa7+ Kd8 31. Qb8+ Kd7 32. Qxd6+ Kxd6 1-0

[Event "Genesee County CC-ch"]
[Site "Flint"]
[Date "2002.10.23"]
[Round "2"]
[White "Gregory, Kevin"]
[Black "Fick, Douglas"]
[Result "1/2-1/2"]
[WhiteElo "1780"]
[BlackElo "1289"]
[PlyCount "93"]
[EventDate "2002.10.23"]
[EventType "swiss"]
[EventRounds "5"]
[EventCountry "USA"]
[SourceTitle "EXT 2009"]
[Source "ChessBase"]
[SourceDate "2008.11.26"]
[SourceVersion "1"]
[SourceVersionDate "2008.11.26"]
[SourceQuality "1"]

1. d4 Nf6 2. Nf3 g6 3. Bf4 Bg7 4. e3 0-0 5. h3 d6 6. Be2 Nbd7 7. 0-0 c5 8. c3 a6 9. a4 cxd4 10. cxd4 Nd5 11. Bh2 Qa5 12. Nbd2 N5b6 13. Qb3 e5 14. dxe5 Nxe5 15. Bxe5 dxe5 16. Nc4 Nxc4 17. Bxc4 Rb8 18. Ng5 Qc7 19. Rac1 Qe7 20. Ne4 Bf5 21. Ng3 Bd7 22. a5 Rfe8 23. Rfd1 Kf8 24. Ne4 Be6 25. Bxe6 Qxe6 26. Qxe6 Rxe6 27. Ng5 Rc6 28. Nxh7+ Ke7 29. Ng5 f5 30. b4 Rbc8 31. Rxc6 Rxc6 32. Rb1 b5 33. Nf3 e4 34. Nd2 Rc2 35. Nb3 Rc6 36. Rc1 Rxc1+ 37. Nxc1 Bc3 38. Na2 Bb2 39. Kf1 Ke6 40. Ke2 Kd5 41. Kd2 Kc4 42. Kc2 Ba3 43. f3 Bxb4 44. Nxb4 Kxb4 45. f4 Kc4 46. g4 fxg4 47. hxg4 1/2-1/2

[Event "Lansing op"]
[Site "Lansing"]
[Date "2002.09.02"]
[Round "6"]
[White "Fick, Douglas"]
[Black "Avery, Robert William"]
[Result "0-1"]
[WhiteElo "1458"]
[BlackElo "1658"]
[PlyCount "72"]
[EventDate "2002.08.30"]
[EventType "swiss"]
[EventRounds "7"]
[EventCountry "USA"]
[SourceTitle "EXT 2007"]
[Source "ChessBase"]
[SourceDate "2006.11.23"]
[SourceVersion "1"]
[SourceVersionDate "2006.11.23"]
[SourceQuality "1"]

1. e4 e6 2. d4 d5 3. e5 c5 4. c3 Nc6 5. Nf3 Qb6 6. Be2 Nge7 7. Na3 Nf5 8. Nc2 Bd7 9. 0-0 Be7 10. Rb1 0-0 11. g4 Nh4 12. Nxh4 Bxh4 13. f4 f6 14. Be3 cxd4 15. cxd4 Qd8 16. Bd3 fxe5 17. fxe5 Qe7 18. Qe2 Bg5 19. Rf2 Bxe3 20. Qxe3 Rxf2 21. Qxf2 Rf8 22. Qg2 Qg5 23. Re1 Rf4 24. Re3 Nxd4 25. h3 Nc6 26. Qe2 a6 27. a3 Nd4 28. Nxd4 Rxd4 29. Qd2 Kh8 30. Qf2 Rf4 31. Rf3 Rxf3 32. Qxf3 Kg8 33. Qe2 Bc6 34. Qc2 Qe3+ 35. Kh2 Qxe5+ 36. Kg1 Qg3+ 0-1

[Event "Lansing op"]
[Site "Lansing"]
[Date "2002.08.31"]
[Round "3"]
[White "Steen, Harold"]
[Black "Fick, Douglas"]
[Result "1/2-1/2"]
[WhiteElo "1642"]
[BlackElo "1458"]
[PlyCount "46"]
[EventDate "2002.08.30"]
[EventType "swiss"]
[EventRounds "7"]
[EventCountry "USA"]
[SourceTitle "EXT 2007"]
[Source "ChessBase"]
[SourceDate "2006.11.23"]
[SourceVersion "1"]
[SourceVersionDate "2006.11.23"]
[SourceQuality "1"]

1. d4 Nf6 2. e3 g6 3. Bd3 Bg7 4. f4 b6 5. Nf3 Bb7 6. 0-0 0-0 7. Nbd2 d5 8. Ne5 Nbd7 9. b3 c5 10. Bb2 Rc8 11. g4 cxd4 12. exd4 Nxe5 13. fxe5 Ne4 14. Qe2 Nxd2 15. Qxd2 Qd7 16. Qe2 Rce8 17. Rf2 Bc6 18. Raf1 Qc8 19. Ba6 Bb7 20. Bd3 Bc6 21. Ba6 Bb7 22. Bd3 Bc6 23. Ba6 Bb7 1/2-1/2

[Event "Genesee County CC Mini Swiss 08"]
[Site "Flint"]
[Date "2002.08.07"]
[Round "1"]
[White "Fick, Douglas"]
[Black "Laurin, Edward"]
[Result "0-1"]
[WhiteElo "1458"]
[BlackElo "1738"]
[PlyCount "44"]
[EventDate "2002.08.07"]
[EventType "swiss (rapid)"]
[EventRounds "3"]
[EventCountry "USA"]
[SourceTitle "EXT 2009"]
[Source "ChessBase"]
[SourceDate "2008.11.26"]
[SourceVersion "1"]
[SourceVersionDate "2008.11.26"]
[SourceQuality "1"]

1. d4 Nf6 2. c4 e6 3. Nf3 b6 4. a3 Bb7 5. Nc3 c5 6. Bg5 Bxf3 7. exf3 cxd4 8. Qxd4 Nc6 9. Qh4 Be7 10. Bd3 h6 11. 0-0 Ne5 12. Be4 Nxe4 13. Bxe7 Qxe7 14. Qxe4 Nc6 15. Nb5 0-0 16. Rfd1 Rfd8 17. Nd6 Rab8 18. Rd2 Qg5 19. Rad1 Qe5 20. Kf1 Qxe4 21. fxe4 a6 22. e5 Nxe5 0-1

[Event "Flint Summer Scholastic op"]
[Site "Flint"]
[Date "2002.08.03"]
[Round "5"]
[White "Fick, Douglas"]
[Black "Miller, Charles"]
[Result "1-0"]
[WhiteElo "1458"]
[BlackElo "713"]
[PlyCount "59"]
[EventDate "2002.08.03"]
[EventType "swiss"]
[EventRounds "5"]
[EventCountry "USA"]
[SourceTitle "EXT 2009"]
[Source "ChessBase"]
[SourceDate "2008.11.26"]
[SourceVersion "1"]
[SourceVersionDate "2008.11.26"]
[SourceQuality "1"]

1. e4 e5 2. Nf3 Nc6 3. Bc4 d6 4. Nc3 Bg4 5. h3 Bxf3 6. Qxf3 Nf6 7. d3 Nd4 8. Qd1 c6 9. Be3 d5 10. exd5 Nxd5 11. Nxd5 cxd5 12. Bxd4 exd4 13. Bb5+ Ke7 14. Qe2+ Kd6 15. Qd2 Qb6 16. Qf4+ Kc5 17. c4 a6 18. b4+ Kxb4 19. Rb1+ Kc5 20. Qxf7 Qa5+ 21. Kf1 Bd6 22. Qxd5+ Kb6 23. Qxd6+ Ka7 24. Qxd4+ b6 25. Qxg7+ Kb8 26. Qxh8+ Kc7 27. Qxa8 Qd2 28. Qc6+ Kb8 29. Qxb6+ Ka8 30. Bc6# 1-0

[Event "Romulus op"]
[Site "Romulus"]
[Date "2002.06.23"]
[Round "4"]
[White "Saylor, Oliver"]
[Black "Fick, Douglas"]
[Result "1/2-1/2"]
[WhiteElo "1333"]
[BlackElo "1308"]
[PlyCount "142"]
[EventDate "2002.06.21"]
[EventType "swiss"]
[EventRounds "5"]
[EventCountry "USA"]
[SourceTitle "EXT 2008"]
[Source "ChessBase"]
[SourceDate "2007.11.25"]
[SourceVersion "1"]
[SourceVersionDate "2007.11.25"]
[SourceQuality "1"]

1. e4 c5 2. Nf3 d6 3. d4 cxd4 4. Nxd4 Nf6 5. Nc3 g6 6. Be3 Bg7 7. h3 0-0 8. Qd2 Nc6 9. Bc4 Bd7 10. a3 Rc8 11. Bb3 Ne5 12. Bh6 Nc4 13. Bxc4 Rxc4 14. Bxg7 Kxg7 15. 0-0 Qb6 16. e5 Rxd4 17. exf6+ exf6 18. Qc1 Re8 19. Nd1 Re2 20. Ne3 Rdd2 21. Nc4 Rxf2 22. Nxd2 Rxd2+ 23. Kh1 Rf2 24. Qe1 Rxc2 25. Qe7 Bf5 26. b4 Qc6 27. Rf3 Qd5 28. Raf1 Qd2 29. R3f2 Qd3 30. Qxb7 Rxf2 31. Rxf2 Qxa3 32. Kh2 Qe3 33. Ra2 Qf4+ 34. Kg1 Qd4+ 35. Kh2 Qf4+ 36. Kh1 Be4 37. Qxa7 Qg3 38. Qf2 Qxh3+ 39. Kg1 Qc3 40. Rb2 d5 41. b5 d4 42. Qd2 h5 43. b6 Qxd2 44. Rxd2 d3 45. Kf2 f5 46. g3 Kh6 47. Ke3 Kg5 48. Rxd3 f6 49. Rd4 Bg2 50. Kf2 Bc6 51. Rb4 Bb7 52. Rd4 Bc6 53. Rd6 Be4 54. b7 Bxb7 55. Rd4 Be4 56. Rd6 h4 57. gxh4+ Kxh4 58. Rxf6 g5 59. Ke3 Kh5 60. Re6 Kg4 61. Kf2 Kf4 62. Ra6 g4 63. Ra3 Kg5 64. Kg3 f4+ 65. Kf2 Bf5 66. Kg2 Kh4 67. Ra4 f3+ 68. Kh2 Bd3 69. Rf4 Bb5 70. Kg1 Kg3 71. Rf7 f2+ 1/2-1/2

[Event "Romulus op"]
[Site "Romulus"]
[Date "2002.06.22"]
[Round "3"]
[White "Fick, Douglas"]
[Black "Imai, Toshio"]
[Result "1-0"]
[WhiteElo "1308"]
[BlackElo "1410"]
[PlyCount "23"]
[EventDate "2002.06.21"]
[EventType "swiss"]
[EventRounds "5"]
[EventCountry "USA"]
[SourceTitle "EXT 2008"]
[Source "ChessBase"]
[SourceDate "2007.11.25"]
[SourceVersion "1"]
[SourceVersionDate "2007.11.25"]
[SourceQuality "1"]

1. e4 e5 2. Nf3 d5 3. Nxe5 dxe4 4. Bc4 Qg5 5. d4 Qxg2 6. Rf1 h5 7. Bxf7+ Ke7 8. Ng6+ Kxf7 9. Nxh8+ Kf6 10. Qxh5 Be6 11. Qe5+ Ke7 12. d5 1-0

[Event "Warren Motor City op"]
[Site "Warren"]
[Date "2001.11.24"]
[Round "5"]
[White "Fick, Douglas"]
[Black "Vlacic, Sretko"]
[Result "0-1"]
[WhiteElo "1631"]
[BlackElo "1064"]
[PlyCount "108"]
[EventDate "2001.11.24"]
[EventType "swiss"]
[EventRounds "7"]
[EventCountry "USA"]
[SourceTitle "EXT 2007"]
[Source "ChessBase"]
[SourceDate "2006.11.23"]
[SourceVersion "1"]
[SourceVersionDate "2006.11.23"]
[SourceQuality "1"]

1. e4 e6 2. d4 d5 3. exd5 exd5 4. Bd3 Bd6 5. Nf3 Bg4 6. 0-0 Ne7 7. Re1 0-0 8. Nbd2 Ng6 9. h3 Be6 10. c4 c6 11. cxd5 cxd5 12. Qc2 Nc6 13. Nb3 Rc8 14. Qd1 b6 15. Bg5 Qd7 16. Rc1 h6 17. Bxg6 fxg6 18. Bh4 Bxh3 19. Bg3 Bxg3 20. fxg3 Bg4 21. Rc3 Qd6 22. Kh2 Rc7 23. Qc1 Bxf3 24. gxf3 Rfc8 25. a3 Ne7 26. Rxc7 Rxc7 27. Qd2 Nf5 28. Rg1 Nh4 29. Qf2 Rf7 30. Nd2 g5 31. Kh3 Qd7+ 32. Kh2 Qd6 33. Kh3 Ng6 34. Rc1 Qd7+ 35. Kh2 Re7 36. Rc3 h5 37. Re3 Rf7 38. Qg2 Qf5 39. Re2 h4 40. Rf2 Qf6 41. Nb3 hxg3+ 42. Qxg3 Nh4 43. Nd2 Qxd4 44. Qb8+ Rf8 45. Qg3 Rf6 46. b4 Rh6 47. Kg1 Qe3 48. Kf1 Re6 49. Rh2 Rf6 50. Rf2 Re6 51. Rh2 Qd3+ 52. Kg1 Qd4+ 53. Kf1 Qa1+ 54. Kf2 Qe1# 0-1